书目信息 |
| 题名: |
医药生物技术
|
|
| 作者: | 姜源 | |
| 分册: | ||
| 出版信息: | 北京 人民卫生出版社 1996 |
|
| 页数: | 304 | |
| 开本: | 19cm | |
| 丛书名: | ||
| 单 册: | ||
| 中图分类: | R915 | |
| 科图分类: | ||
| 主题词: | 药物学:基础理论 | |
| 电子资源: | ||
| ISBN: | 7-117-02142-X | |
| 000 | 00491nam0 2200181 450 | |
| 001 | 0741144344 | |
| 005 | 20070817112544.34 | |
| 010 | @a7-117-02142-X@d¥14.30 | |
| 100 | @a20070817d km y0chiy0120 ea | |
| 101 | 0 | @achi |
| 200 | 1 | @a医药生物技术@Ayi yao sheng wu ji shu@f姜源@Fjiang yuan |
| 210 | @a北京@c人民卫生出版社@d1996 | |
| 215 | @a304@d19cm | |
| 606 | 0 | @a药物学:基础理论 |
| 690 | @aR915@v3 | |
| 701 | 0 | @a姜源@Ajiang yuan |
| 801 | 0 | @aCN@bPFT@c20070817 |
| 905 | @a213230@dR915@en1@f1 | |
| 医药生物技术/姜源.-北京:人民卫生出版社,1996 |
| 304;19cm |
| ISBN 7-117-02142-X:¥14.30 |
| ● |
| 相关链接 |
|
|
|
|
正题名:医药生物技术
索取号:R915/n1
 
预约/预借
| 序号 | 登录号 | 条形码 | 馆藏地/架位号 | 状态 | 备注 |
| 1 | 6600935 | 266009357 | 密集书库-生命科学系/ [索取号:R915/n1] | 在馆 |